000 00660nam a2200265Ia 4500
005 20260121170832.0
008 008 260114s9999 xx 000 0 eng d
020 _a9781137546005
037 _aEBOOK
040 _aCRL
040 _beng
040 _cCRL
041 _2eng
041 _aeng
084 _qCRL
100 _aMatthew Ingleby
_91068748
245 0 _aNineteenth-Century Fiction and the Production of Bloomsbury
260 _bSpringer
260 _bSpringer
260 _c2018
856 _uhttps://link.springer.com/openurl?genre=book&isbn=978-1-137-54600-5
942 _cEBOOK
999 _c1634478
_d1634478